00854cam a2200169 a 4500020002800000020003100028041000800059082001700067100002200084245006500106260004000171300002500211505032000236650003500556650003500591856005800626 a0275991415 (alk. paper) a9780275991418 (alk. paper) aENG00a344.730bTHO1 aThomas, R. Murray10aGod in the classroom : Religion and America's Public Schools aWestport, Conn. :bPraeger,cc2007. avi, 285 p. :bill. ;0 aIntroduction: as seen from here -- From then to now -- God and Darwin -- Curricula and text materials -- Prayer and scripture reading -- Holidays and celebrations -- Financial support -- The pledge of allegiance -- Released time and clubs -- Symbols and maxims -- Sexual matters -- State/church/secularists/schools. 0aReligion in the public schools 0aReligion in the public schools41uhttp://www.loc.gov/catdir/toc/ecip071/2006028573.html